=LDR 00000nam 2200000 4500 =001 INLIS000000000049657 =005 20201228012236 =035 ##$$a 0010-031700000000102 =008 201228################g##########0#ind## =040 ##$$a NBPDMAT =082 ##$$a 333 75 =084 ##$$a 333 75 Odi p =100 ##$$a Odih Permana =245 1#$$a Pembukaan lahan hutan untuk kesejahteraan /$c Odih Permana =260 ##$$a Surakarta :$b Aryhaeko Sinergi Persada,$c 2014 =300 ##$$a 116 hlm . : $b ilus , ; $c 21 x 14 cm. =650 #4$$a Hutan,perlindungan =990 ##$$a 21603300 =990 ##$$a 21603301 =990 ##$$a 21603302 =990 ##$$a 21603303 =990 ##$$a 21603304 =990 ##$$a 21603300 =990 ##$$a 21603301 =990 ##$$a 21603302 =990 ##$$a 21603303 =990 ##$$a 21603304